|
|
|
|
| LEADER |
00000nam a2200000Ia 4500 |
| 008 |
160210b2001 ck ||||| |||| 00| | spa d |
| 020 |
|
|
|a 9583327131
|
| 090 |
|
|
|a 06.05.01
|b 1725
|
| 100 |
1 |
|
|a Nimnicht, Glen P.
|9 1473
|
| 245 |
1 |
0 |
|a Promesa: un programa para el sano desarrollo físico, emocional e intelectual de los niños(as) pequeños(as) /
|c Glen P. Nimnicht-Marta Arango
|
| 260 |
|
|
|a Colombia :
|b Ediciones Gráficas Ltda.,
|c 2001
|
| 300 |
|
|
|a 56 páginas
|
| 650 |
1 |
4 |
|a PROGRAMAS DE ENSEÑANZA
|9 818
|
| 650 |
1 |
4 |
|a DESARROLLO DEL NIÑO
|9 723
|
| 700 |
1 |
|
|a Arango, Marta
|9 1474
|
| 942 |
|
|
|i 002844
|h 06.05.01 1725
|2 z
|c 01
|
| 999 |
|
|
|c 371
|d 371
|